Welcome to the Holygrace Academy Library

Please use search bar below to get started

THARASPECIALS (Record no. 4733)

MARC details
000 -LEADER
fixed length control field 00282nam a22001457a 4500
020 ## - INTERNATIONAL STANDARD BOOK NUMBER
ISBN 81-713-0023-S
082 ## - DEWEY DECIMAL CLASSIFICATION NUMBER
Classification number 894.812.3
100 ## - MAIN ENTRY--AUTHOR NAME
Personal name BASHEER
245 ## - TITLE STATEMENT
Title THARASPECIALS
260 ## - PUBLICATION, DISTRIBUTION, ETC. (IMPRINT)
Place of publication 2018
Name of publisher DC BOOKS
Year of publication 2018
300 ## - PHYSICAL DESCRIPTION
Number of Pages 48
520 ## - SUMMARY, ETC.
Summary, etc NOVEL
650 ## - SUBJECT ADDED ENTRY--TOPICAL TERM
Topical Term NOVEL
942 ## - ADDED ENTRY ELEMENTS (KOHA)
Koha item type Books

No items available.